| 000 | 00376cam a2200145ua 4500 | ||
|---|---|---|---|
| 041 |
_aeng _h |
||
| 082 |
_a631.3 _bNAK/FA |
||
| 100 | _aNakra, C.P . | ||
| 245 |
_aFarm machines and equipments / _cC.P Nakra. _hTextual Documents |
||
| 260 |
_aNew Delhi : _bDhanpat Rai Publishing Co. Pvt. Ltd. , _c1990. |
||
| 300 | _a ; . | ||
| 504 | _a | ||
| 942 | _cBK | ||
| 999 |
_c13414 _d13414 |
||